Loading...
| Social Science | 1 | 2 | 2 | 1 | 25 | 69 | 101.33 | 0 | 1 | 0.00 | 0.00 |
| Philosophy | 1 | 1 | 0 | 1 | 25 | 66 | 106.50 | 1 | 1 | 0.00 | 0.00 |
| Mythology | 1 | 1 | 0 | 0 | 25 | 92 | 121.50 | 0 | 1 | 0.00 | 0.00 |
| Literature - Drama | 0 | 2 | 0 | 1 | 20 | 139 | 140.00 | 0 | 0 | 0.00 | 0.00 |
| Literature - Poetry | 0 | 2 | 0 | 1 | 20 | 145 | 146.00 | 0 | 0 | 0.00 | 0.00 |
| Other Academic | 1 | 0 | 0 | 0 | 15 | 81 | 81.00 | 0 | 1 | 0.00 | 0.00 |
| Current Events | 1 | 0 | 0 | 0 | 15 | 43 | 43.00 | 0 | 1 | 0.00 | 0.00 |
| Science - Chemistry | 0 | 2 | 1 | 1 | 15 | 119 | 127.50 | 0 | 1 | 0.00 | 0.00 |
| Science - Biology | 0 | 1 | 0 | 0 | 10 | 95 | 95.00 | 1 | 1 | 0.00 | 0.00 |
| Literature - Long Fiction | 0 | 1 | 0 | 1 | 10 | 164 | 164.00 | 0 | 0 | 0.00 | 0.00 |
| History - European | 0 | 1 | 0 | 0 | 10 | 82 | 82.00 | 0 | 0 | 0.00 | 0.00 |
| Short Fiction and Other | 0 | 1 | 0 | 0 | 10 | 111 | 111.00 | 0 | 0 | 0.00 | 0.00 |
| Geography | 0 | 1 | 0 | 1 | 10 | 150 | 150.00 | 0 | 0 | 0.00 | 0.00 |
| Science - Physics | 0 | 1 | 1 | 0 | 5 | 87 | 87.00 | 0 | 1 | 0.00 | 0.00 |
| Science - Other | 0 | 1 | 2 | 0 | 0 | 132 | 132.00 | 0 | 0 | 0.00 | 0.00 |
| History - Other | 0 | 0 | 1 | 0 | -5 | 0.00 | 0 | 0 | 0.00 | 0.00 | |
| Fine Arts - Other | 0 | 0 | 1 | 0 | -5 | 0.00 | 0 | 0 | 0.00 | 0.00 | |
| Science - Math | 0 | 0 | 1 | 0 | -5 | 0.00 | 0 | 0 | 0.00 | 0.00 |